000 00259nam a2200109Ia 4500
008 220120s9999||||xx |||||||||||||| ||und||
100 _aData manual
245 0 _aPower devices data manual 1990
260 _bBangalore
_c1990
300 _b0
650 _aPHYSICS
999 _c136543
_d136543